[Event "Gashimov Memorial-B 1st"]
[Site "Shamkir"]
[Date "2014.04.22"]
[Round "3"]
[White "Motylev, Alexander"]
[Black "Wojtaszek, Radoslaw"]
[Result "0-1"]
[WhiteElo "2685"]
[BlackElo "2716"]
[Annotator "Sagar Shah"]
[PlyCount "68"]
[EventDate "2014.03.21"]
[EventType "tourn"]
[EventRounds "9"]
[EventCountry "AZE"]
[EventCategory "17"]
[SourceTitle "CBM 160"]
[Source "ChessBase"]
[SourceDate "2014.05.15"]
[SourceVersion "1"]
[SourceVersionDate "2014.05.15"]
[SourceQuality "1"]
[TimeControl "40/7200:20/3600:900+30"]
[WhiteClock "0:59:26"]
[BlackClock "0:56:56"]

{Motylev is the reigning European Champion and Wojtaszek is of course an
extremely strong player. Their game was anticipated to be quite an interesting
one.'} 1. e4 {[%emt 0:00:05]} c5 {[%emt 0:00:04]} 2. Nf3 {[%emt 0:00:06]} d6 {
[%emt 0:00:04]} 3. Bb5+ {[%emt 0:00:06]} Nd7 $5 {[%emt 0:00:06] Black usually
goes for this system when he wants to play for a win.'} (3... Bd7 {(Sagar Shah)
is more tame}) 4. O-O {[%emt 0:00:06]} a6 {[%emt 0:00:06]} 5. Bd3 $5 {[%emt 0:
00:04] This became quite popular after Carlsen used it against Svidler in a
Norway tournament in March 2013. The idea is to play c3 followed by Bc2, and
then play d4.'} g6 {[%emt 0:01:13]} (5... Ngf6 6. Re1 b5 7. c4 Ne5 8. Bf1 Nxc4
9. a4 Bd7 10. d4 cxd4 11. Nxd4 e5 12. axb5 exd4 13. Bxc4 axb5 14. Rxa8 Qxa8 15.
Bb3 Be7 16. Qxd4 O-O 17. Nc3 b4 18. Qxb4 Rb8 19. Qc4 Be6 20. Nd5 Bd8 21. h3 h6
22. Bf4 Qb7 23. Bc2 Ba5 24. Rd1 Bxd5 25. exd5 Rc8 26. Qb3 Qxb3 27. Bxb3 Rb8 28.
Bc4 Rxb2 29. Bxd6 Bb6 30. Be5 Rxf2 31. Kh2 Rf5 32. Bg3 h5 33. d6 Rc5 34. Be2
Ne4 35. d7 {Carlsen,M (2872)-Nakamura,H (2776) Zuerich 2014 1/2-1/2 (70)}) 6.
Re1 {[%emt 0:00:59]} Bg7 {[%emt 0:00:08]} 7. c3 {[%emt 0:00:04]} Ne5 {[%emt 0:
02:11]} 8. Be2 {[%emt 0:02:44]} (8. Bc2 {Sagar Shah} Bg4 {would be quite
unpleasant.}) 8... Nxf3+ {[%emt 0:07:42]} 9. Bxf3 {[%emt 0:01:01]} e5 {[%emt 0:
00:07]} 10. d4 {[%emt 0:11:53] Sagar Shah: '?!' Sagar Shah: 'A daring pawn
sacrifice by Motylev, but it is a bad move which gives Black a good solid
advantage.'} (10. d3 {Sagar Shah} Nf6 11. Be3 O-O 12. d4 {Might be a safer way
to break in the center.}) 10... cxd4 {[%emt 0:07:40]} 11. cxd4 {[%emt 0:01:06]}
exd4 {[%emt 0:00:08]} 12. Na3 {[%emt 0:10:40] Sagar Shah: 'White wants to
regain the pawn now with Nc2.'} Ne7 {[%emt 0:03:13]} 13. e5 {[%emt 0:20:38]
Sagar Shah: 'White gets desperate and tries to complicate matters.'} (13. Nc2 {
Sagar Shah} Nc6 $15 {and white does not regain the pawn.}) (13. b3 {Sagar Shah}
Nc6 14. Bb2 O-O $15) 13... dxe5 {[%emt 0:02:52]} 14. Nc4 {[%emt 0:00:57]} Nc6 {
[%emt 0:30:30]} (14... Qc7 {might have been even better.} 15. Qa4+ Bd7 16. Qb4
Bc6 17. Nd6+ Kf8 $17 {It is really unclear what White's compensation is.}) 15.
Bxc6+ {[%emt 0:05:12] White now gives up his important bishop to regain the
pawn.'} bxc6 {[%emt 0:00:08]} 16. Nxe5 {[%emt 0:01:36]} Be6 {[%emt 0:00:43]} (
16... O-O {was equally good.}) 17. Nxc6 {[%emt 0:13:01]} Qb6 {[%emt 0:01:42]} (
17... Qd6 {was very strong as the knight cannot return to the strong square e5
and then blockade on d3.}) 18. Ne5 {[%emt 0:20:36]} O-O {[%emt 0:00:12]} 19. b3
{[%emt 0:01:16]} Rfd8 $15 {[%emt 0:01:55][%csl Gd4,Ge6,Gg7]} 20. Bb2 {[%emt 0:
09:13]} Rac8 {[%emt 0:18:58]} (20... d3 $1 {it's surprsing why Radoslaw didn't
choose this move.} 21. Qd2 Rac8 $17) 21. Rc1 {[%emt 0:01:24]} Rc5 {[%emt 0:00:
10]} 22. Rxc5 {[%emt 0:03:52]} Qxc5 {[%emt 0:00:06]} 23. Nd3 {[%emt 0:02:01]}
Qb5 {[%emt 0:00:49] Black is clearly better here because of the double bishop
advantage.'} 24. Qd2 {[%emt 0:00:44]} Bf5 {[%emt 0:01:50]} 25. Rd1 {[%emt 0:00:
50]} h5 {[%emt 0:00:53]} 26. h3 {[%emt 0:03:31]} Kh7 {[%emt 0:00:27]} 27. Bc1 {
[%emt 0:03:56]} Re8 {[%emt 0:01:06]} 28. Nf4 $2 {[%emt 0:01:11] White was
passive and in bad shape, but this just expedites the loss.'} Rc8 $1 {[%emt 0:
01:02][%csl Gf5][%cal Gc8c2] Invading on c2.'} 29. Qe2 {[%emt 0:00:11]} Qxe2 {
[%emt 0:01:47]} 30. Nxe2 {[%emt 0:00:01]} Bc2 {[%emt 0:00:07]} 31. Rd2 {
[%emt 0:00:49]} d3 {[%emt 0:00:14] white rook will be lost.'} 32. Nf4 {[%emt 0:
00:00]} Bc3 {[%emt 0:00:12]} 33. Rxc2 {[%emt 0:00:03]} (33. Rxd3 Bxd3 34. Nxd3
Rd8 $19 {is no better.}) 33... dxc2 {[%emt 0:00:08]} 34. Nd5 {[%emt 0:00:00]}
Re8 {[%emt 0:00:57] An effortless victory by Wojtaszek. Motylev's problems
began from the point when he made the overambitious move 10.d4? which was
totally not required. After that he was just trying to find compensation for
the sacrificed pawns, which didn't really exist. A very nice and easy win for
the Polish GM.'} 0-1

[Event "Biel Suri Memorial"]
[Site "Biel"]
[Date "2014.07.16"]
[Round "3"]
[White "Hou, Yifan"]
[Black "Vachier Lagrave, Maxime"]
[Result "0-1"]
[WhiteElo "2629"]
[BlackElo "2766"]
[Annotator "Sagar Shah"]
[PlyCount "126"]
[EventDate "2014.07.14"]
[EventType "tourn"]
[EventRounds "10"]
[EventCountry "SUI"]
[EventCategory "19"]
[SourceTitle "CBM 162"]
[Source "ChessBase"]
[SourceDate "2014.09.17"]
[SourceVersion "1"]
[SourceVersionDate "2014.09.17"]
[SourceQuality "1"]

1. e4 c5 2. Nf3 d6 3. Bb5+ Nd7 {The Nd7 move is considered as more combative
and ambitious and is usually employed by players who are playing for a win.} (
3... Bd7 {is a much more quiet way to play.} 4. Bxd7+ Qxd7 5. c4 {In such
positions White risks very little.}) (3... Nc6 {transposes to the Rossolimo
lines.}) 4. O-O (4. d4 {is the other main move in this position.}) 4... a6 (
4... Ngf6 5. d4 $5 {This is quite a dangerous pawn sacrifice.} (5. Re1 a6 6.
Bf1) 5... Nxe4 (5... cxd4 6. Qxd4 e5 {is another topical line.}) 6. Re1 Nef6 7.
dxc5 dxc5 8. Ng5 $44 {with some excellent compensation.}) 5. Bd3 $5 {This line
has become extremely popular after Magnus Carlsen used it against Peter
Svidler in Norway Chess Challenge 2013. Earlier everyone used to take on d7.
But now they play their bishop to d3 and follow it up with c3, Bc2 and d4, in
the spirit of the Ruy Lopez.} Ngf6 (5... Ne5 {This was Svidler's reply} 6. Nxe5
dxe5 7. a4 $14 {White retained an edge.}) 6. c3 b5 7. Bc2 (7. a4 {can be met
with} Bb7 8. axb5 axb5 9. Rxa8 Qxa8 10. Bxb5 Bxe4 $11 {with a fine position
for Black.}) 7... Bb7 8. Re1 {White's setup closely resembles that of the Ruy
Lopez as he prepares to play d4 in the position.} e6 9. d4 Be7 10. Nbd2 (10. e5
{can be safely met with} Nd5 $11) 10... Qc7 11. Nf1 O-O {Black has a
harmonious setup and stands completely fine.} 12. Ng3 {One of the advantages
that Black has here over the normal Ruy Lopez setup is that his pawn is on e6
instead of e5 which means that the f5-square is not weak and the knight on g3
doesn't really have a good square to go to.} Rfe8 13. h3 (13. e5 $2 {is
impossible due to} dxe5 14. dxe5 Bxf3 15. Qxf3 Nxe5 $15) 13... Rac8 {
Threatening cxd4.} 14. Bd3 Bf8 15. Bd2 (15. a4 {would be a typical idea when
Black could maintain the tension with} Bc6 16. Qe2 bxa4 17. Bxa6 Rb8 $11) 15...
g6 16. Qe2 Bg7 17. a4 {Finally White decides to do something concrete.} e5 $6 (
17... c4 18. Bc2 Bc6 {seems like another way to play.}) 18. d5 $6 (18. axb5 c4
19. Bxc4 $1 (19. Bc2 axb5 $11) 19... Qxc4 20. Qxc4 Rxc4 21. bxa6 Ba8 22. b4 $44
{gives White excellent compensation and maybe Hou Yifan shold have gone for
this variation.}) 18... c4 19. Bc2 Nc5 {The black N gets a good outpost on c5.}
20. Nh2 Rb8 {Trying to put latent pressure on the b2-point.} (20... Nxa4 21.
Bxa4 bxa4 22. Rxa4 {[%csl Ra6,Rc4] Black will unnecessarily have two
weaknesses to worry about.}) 21. Ra3 {Before opening the a-file White decides
to double the rooks.} Bc8 {Because of the pressure on b2, White has to release
the tension.} 22. axb5 axb5 23. Ng4 $6 {The bishop on c8 did not have much to
do and Hou Yifan should not have allowed it to be exchanged for her knight.} (
23. Rea1 {seemed much better.} h5 {trying to prevent ...Ng4} 24. Nf3 $14 {
[%cal Gf3g5]}) 23... Bxg4 $1 24. hxg4 Ra8 25. Rea1 Rxa3 26. Rxa3 Qb7 27. g5
Nfd7 28. Qd1 Ra8 29. Qa1 Rxa3 30. Qxa3 $11 {White has the bishop pair and her
queen is much more active on the open a-file. However, Black has a strong
knight on c5 and his knights seem to have more scope than the white bishops.
Besides the Ng3 is not so well placed. White could try to activate his
light-squared bishop via g4. Similarly Black can activate his passive bishop
on g7 from f8-e7-d8-b6. The plusses and minuses sort of nullify each other and
the position should be quite equal. A draw would be the logical result from
this point onwards. But MVL tries his best to keep the game going.} Bf8 31. Be3
Be7 32. Nf1 Bd8 33. Nd2 Bb6 {Black has improved his bishop. White would like
to do the same with her c2-bishop but if she plays Bd1 then the black knight
can enter on d3 and the other knight can come to c5. So White is a little
restricted.} 34. Nb1 Bc7 35. Nd2 Bb6 36. Nb1 Bc7 37. Nd2 Kg7 $1 {Black has no
objective reason to try for more in this position. However, the exclamation
mark is for his fighting spirit and in the end it is rewarded.} 38. g3 Bb6 39.
Nb1 Nd3 $5 {Finally MVL decides to take some concrete action. But the position
still remains drawish.} 40. Bxb6 Qxb6 41. Bxd3 cxd3 {Once again the position
is imbalanced. Now Black has a menacing pawn on d3 which can be either a
weakness or a strength. At the same time, the g5-pawn is also a weakness. The
margin for error now is pretty low because one mistake and either side could
lose a pawn.} 42. Nd2 $2 {The start of all of White problems.} (42. Kg2 $11 {
It would have been better to keep the knight on b1 as on d2 it comes under
attack when Black captures the g5-pawn.} Qd8 $2 43. Qxd6 $18) 42... Qd8 $1 {
MVL notices the little change in the position and takes full advantage of it.}
43. c4 $1 {Hou Yifan finds the most accurate defence.} (43. Qxd6 Qxg5 44. Nf3 (
44. Qxd7 $2 Qxd2 45. Qd6 Qe1+ $19) 44... Qc1+ 45. Kg2 Nf6 46. Qxe5 d2 47. Nxd2
Qxd2 $17 {The objective evaluation of the position is unclear. However, White
must play very accurately to make a draw from here.}) 43... Qxg5 (43... bxc4
44. Nxc4 d2 45. Nxd2 Qxg5 46. Qxd6 Qxd2 47. Qxd7 Qe1+ 48. Kg2 Qxe4+ 49. Kg1 $11
) 44. Qxd3 b4 $1 (44... Nc5 45. Qc3 {Prevents Black from playing b5-b4. So ...
Nc5 is not the most accurate move.}) 45. Nb3 {Things have settled down a bit.
The d3 and g5 pawns have been exchanged. However, Black now has the plan to
attack the white king with h5-h4 making use of his extra pawn. White's extra
pawn on the queenside is not so useful.} h5 46. Kg2 (46. Qd2 $5 Qg4 (46... Qxd2
47. Nxd2 Nc5 $15 {should also give the right to Black to press in the endgame
thanks to his superior knight.}) 47. Qxb4 Nf6 48. Qxd6 Qd1+ 49. Kg2 Qxb3 $17)
46... h4 {Black's advantage keeps growing while White imperceptibly slips into
a worse position.} 47. Kh3 $2 (47. Qf3 f5 48. exf5 gxf5 $15 {Black is more
active and definitely better but it is not so easy to break through.}) 47...
hxg3 48. fxg3 {Black now has a number of tempting alternatives but MVL does
not choose the best.} (48. Qxg3 Qh5+ 49. Kg2 Qe2 $1 {The black queen
penetrates and the white pawns fall like ripe apples.} 50. Qe3 Qxc4 $19) 48...
Qd8 $6 (48... Qh5+ $1 {was the best} 49. Kg2 Nf6 $1 {The knight is coming to
g4 and the combination of the black queen + knight will prove deadly.} 50. c5 (
50. Qf3 Ng4 $19) 50... Ng4 51. c6 Qh2+ 52. Kf3 Qh1+ $1 {The crucial check.} (
52... Qf2+ 53. Kxg4 $18) 53. Ke2 (53. Kxg4 Qh5#) 53... Qg2+ 54. Ke1 Qf2+ 55.
Kd1 Ne3+ 56. Kc1 Qe1+ {is a neat finish.}) (48... f5 $5 {was also strong.} 49.
Nd2 (49. exf5 gxf5 {The strong passed e-pawn gives Black a winning position.})
49... Nc5 $19) 49. Kg2 Qa8 50. Qc2 Qa7 {Practically it is very difficult for
White to defend because she has so many weaknesses.} 51. Qd2 Nf6 52. Qe2 (52.
Qxb4 Qe3 $1 $19) 52... Qa2 53. Nc1 Qb1 54. Nd3 b3 $1 55. Nf2 (55. c5 dxc5 56.
d6 Qc2 $19) 55... Qc1 56. Kf3 (56. g4 Nd7 57. Kf3 (57. Nd3 Qxc4) 57... Nc5 $19
{[%cal Gc5a4] White is holding all her weaknesses currently but sooner or
later the position will fall apart.}) 56... Nh7 $1 {The knight decisively
enters the game.} 57. Kg2 Ng5 {White is in zugzwang.} 58. g4 (58. Qg4 Qxb2 59.
Qxg5 Qe2 60. Qc1 b2 61. Qb1 Qd2 $19) (58. Ng4 Qc2 $19) (58. Kh2 Qc2 59. Qxc2
bxc2 60. Nd3 Nf3+ 61. Kh3 (61. Kg2 Ne1+ $19) 61... Nd2 62. c5 dxc5 $19) 58...
Kf6 $6 {MVL gives White the whiff of a chance because now the king on f6 is a
little exposed.} (58... f6 $1 {Black continues to make waiting moves asking
White to come up with a move.} 59. Nd1 (59. Kg3 Qg1+ $19) 59... Qc2 $19) 59.
Qd3 $2 (59. Nh3 $1 {was the best defence.} Nxh3 (59... Qc2 $2 60. Qf2+ $1 {
That's the key move.} Qxf2+ 61. Nxf2 $11) 60. Kxh3 Qc2 61. Qf3+ Kg7 62. g5 $1
Qxc4 63. Qf6+ Kg8 64. Qd8+ Kh7 65. Qf6 Qc7 (65... Qd3+ 66. Kh2 Qe2+ 67. Kg3
Qe3+ 68. Kh2 Qe2+ $11 {Black has no winning chance over here.}) 66. Qf3 Qb7 67.
Kg3 Kg8 68. Qf6 Qc7 69. Kh3 Qb6 70. Qf3 Qb5 71. Kg2 Qc4 72. Kh3 Qc2 73. Qg2 Qc1
$19 {Black will slowly win this position but he has to be careful not to allow
a perpetual check.}) 59... Qxb2 60. c5 dxc5 61. d6 Qd4 $1 {Accurately
calculated.} 62. d7 Qxd3 63. Nxd3 Ke7 {Beautiful endgame play by MVL who
tricked the women's world champion from an equal endgame by taking advantage
of the small inaccuracies made by his opponent.} 0-1

[Event "Leon 31st"]
[Site "Leon"]
[Date "2018.07.07"]
[Round "1.2"]
[White "Praggnanandhaa, Rameshbabu"]
[Black "So, Wesley"]
[Result "0-1"]
[WhiteElo "2529"]
[BlackElo "2780"]
[Annotator "Sagar Shah"]
[PlyCount "68"]
[EventDate "2018.07.06"]
[EventType "k.o."]
[EventRounds "2"]
[EventCountry "ESP"]
[SourceTitle "CBM 185"]
[Source "ChessBase"]
[SourceDate "2018.07.13"]
[SourceVersion "1"]
[SourceVersionDate "2018.07.13"]
[SourceQuality "1"]

{After winning the first game in the match, the pressure was on Wesley So to
deliver with the black pieces. It was not going to be easy, but Wesley was
prepared and he chose the fighting Sicilian Defence.} 1. e4 c5 2. Nf3 d6 3.
Bb5+ Nd7 4. a4 Ngf6 5. Nc3 g6 6. a5 a6 7. Bc4 Bg7 $2 {How could Pragg have
known that he already had to be alert for a winning tactical possibility
against world number two in rapid after just seven moves?!} (7... h6 8. d3 Bg7
9. O-O O-O {would have been the right way to continue.}) 8. d3 (8. Bxf7+ $1 {
Nothing could be more natural!} Kxf7 9. Ng5+ Kg8 10. Ne6 Qe8 11. Nc7 Qd8 12.
Nxa8 $18 {And because there is a pawn already on a5, the knight on a8 will
come out safely via b6.}) 8... O-O 9. O-O Nb8 10. e5 Ne8 (10... dxe5 11. Nxe5
$14) 11. Nd5 $5 (11. Re1 {was also possible.}) 11... Nc6 (11... dxe5 12. Nb6
Ra7 13. Be3 $16) 12. Nb6 Rb8 13. Nxc8 Rxc8 14. e6 f6 $1 {I liked this decision
by Wesley. It looks ugly and also blocks the bishop on g7. But on the other
hand, the position is stabilised and Black can go for d5 and get his queen to
d6, knight to c7 and round up the e6 pawn.} (14... d5 15. exf7+ Rxf7 16. Bb3
Nc7 $13 {seemed like a more normal way to play. But there are more weaknesses
in Black's position than in the game.}) (14... f5 {also looks pretty fine.} 15.
Bd2 d5 16. Bb3 Bxb2 17. Rb1 Bf6 18. Ba4 $44) 15. Qe1 (15. Bd2 d5 16. Bb3 Nc7
17. Re1 Qd6 18. Qe2 {was also a possible variation with a roughly balanced
position. The pawns on a5 and e6 are cramping, but at the same time they are
also weak.}) 15... d5 16. Bb3 Qd6 17. Ra4 $5 {This move looks so exciting. The
rook is activated and at the same time Bf4 becomes a possibility. Bf4 is a
desirable move and it can be made possible with g3. However, Ra4 is just so
much more original and active!} Nc7 18. Bf4 Ne5 {Now e6 is falling. It seems
as if Black's position shouldn't work with all his pieces clumsily placed. But
tactically everything seems to work out perfectly for Wesley. That's why he is
such a great player.} 19. Bxe5 fxe5 $17 20. c4 e4 $1 {When you play against
guys like Wesley, you can be sure they will never agree to your plans!} (20...
d4 {Pragg was of course hoping for this move.} 21. Ng5 Nxe6 22. Ne4 $44 {
White has excellent compensation.}) (20... Rxf3 {would be thematic but here it
might not be the best.} 21. gxf3 Nxe6 22. cxd5 Nd4 $17 {and although Black is
better, he would prefer his pawn structure to be much better.}) 21. dxe4 d4 (
21... Rxf3 $1 {Now this looks very strong.} 22. gxf3 d4 $1 $19 {And now it is
all over. The bishop will come to e5 and the knight will take on e6 and jump
to f4.}) 22. e5 $1 {The position is once again quite unclear.} Qc6 23. Ra3 Nxe6
(23... Rxf3 24. Ba4 $1 {was Pragg's cute little trick.}) 24. Ba4 Qc7 25. Rb3 (
25. Qe4 $13) 25... Nd8 26. Qe4 Qxa5 27. Bd7 Rb8 28. Qd5+ (28. Ng5 {This move
straightaway would have been quite interesting and strong.} Qc7 29. Qd5+ Kh8 {
transposes to the game.}) 28... Kh8 29. Ng5 Qc7 (29... Qd2 $5) 30. f4 $6 (30.
Rh3 $1 h6 {and in this position e5 is not really hanging because of Rxh6
tricks. So White has plenty of time to improve his position. Perhaps a good
idea can be} 31. b4 $1 cxb4 32. c5 $13 {Black is in some ways in a zugzwang.})
30... b5 31. Rh3 h6 32. Ne6 $2 {Pragg is the first one to blink. It was
difficult to keep playing accurate chess in so much time pressure.} (32. cxb5
axb5 33. Ne4 $13 {The position is unclear and there is everything to play for.}
) 32... Nxe6 33. Bxe6 Rb6 34. Rg3 $2 (34. cxb5 axb5 35. Bd7 $17 {and the game
goes on, but Pragg blundered.}) 34... Rd8 {The piece on e6 is lost and White
resigned.} 0-1